Holiday Quiz

Random Holiday or Christmas Quiz

2019 Hallmark Ornaments (Picture Click) II Quiz Stats

 Plays Quiz not verified by Sporcle

Score 0/16 Timer 04:00
0 Plays Today
% Correct
Elmo
97.3%
Scarlett O'Hara
96.2%
Princess Jasmine
95.6%
Jerry
95.3%
Pluto
94.7%
Foghorn Leghorn
94.4%
Ron Weasley
94.1%
Minion Bob
93.8%
% Correct
Cruella De Vil
93.5%
Bing Bong
92%
Thanos
91.7%
Peter Venkman
91.1%
Oompa-Loompa
90.5%
Flash Slothmore
90.5%
Bowser
89.9%
Negan
87%

You're not logged in!

Compare scores with friends on all Sporcle quizzes.
OR
Log In

Sporcle TV

Today on Sporcle TV


Watch our educational content, quiz creation guides, and fun videos on Sporcle TV.

Show Comments

Extras

Top Quizzes Today


Score Distribution

Your Account Isn't Verified!

In order to create a playlist on Sporcle, you need to verify the email address you used during registration. Go to your Sporcle Settings to finish the process.

Report this User

Report this user for behavior that violates our Community Guidelines.

Details: